00423caa a22001332a 4500001000900000003001100009008004300020100001900063245001800082300001600100500007400116546001300190773008600203 015029 AR-FADEU 311216n########xxu####################dd aCrane, Stephen aThe open boat aPP. 257-286 aEn: GREAT american short stories / ed. Wallace. New York : DELL, 1978 aInglés0 020763abdNew Yorko0174tGREAT american short storiesw( AR-FADEU) 015004xz